Statistics for 2022 Golden Globes Acting Awards

Click here to take the quiz!

General Stats

  • This quiz has been taken 52 times
  • The average score is 33 of 70

Answer Stats

CategoryFilmAnswer% Correct
Best Actor (Drama)King RichardWill Smith
98%
House of GucciLady Gaga
91%
CruellaEmma Stone
86%
Don't Look UpJennifer Lawrence
81%
Don't Look UpLeonardo DiCaprio
79%
Best Actor (Musical or Comedy)tick, tick...BOOM!Andrew Garfield
77%
Best Actress (Drama)Being the RicardosNicole Kidman
77%
Scenes from a MarriageJessica Chastain
74%
The Eyes of Tammy FayeJessica Chastain
74%
The Power of the DogBenedict Cumberbatch
72%
SpencerKristen Stewart
72%
Best Supporting Actor (TV)Squid GameO Yeong-su
72%
Being the RicardosJavier Bardem
70%
WandaVisionElizabeth Olsen
67%
The Morning ShowJennifer Aniston
67%
Best Actor (TV Musical or Comedy)Ted LassoJason Sudeikis
63%
The Lost DaughterOlivia Colman
63%
Only Murders in the BuildingSteve Martin
63%
Best Actress (Miniseries or TV Film)Mare of EasttownKate Winslet
60%
The Tragedy of MacbethDenzel Washington
58%
The Power of the DogKirsten Dunst
58%
WandaVisionPaul Bettany
56%
Best Supporting ActressWest Side StoryAriana DeBose
53%
Best Supporting ActorThe Power of the DogKodi Smit-McPhee
53%
Licorice PizzaAlana Haim
51%
Licorice PizzaCooper Hoffman
51%
The White LotusJennifer Coolidge
51%
Best Actress (Musical or Comedy)West Side StoryRachel Zegler
51%
The Handmaid's TaleElisabeth Moss
49%
Only Murders in the BuildingMartin Short
49%
CyranoPeter Dinklage
47%
The Tender BarBen Affleck
44%
SuccessionBrian Cox
44%
The GreatElle Fanning
44%
BelfastJamie Dornan
44%
Scenes from a MarriageOscar Isaac
44%
PassingRuth Negga
44%
Best Actor (Miniseries or TV Film)DopesickMichael Keaton
42%
CODATroy Kotsur
42%
Black-ishAnthony Anderson
40%
BelfastCiarán Hinds
40%
Swan SongMahershala Ali
40%
Best Actress (TV Musical or Comedy)HacksJean Smart
37%
Best Actor (TV Drama)SuccessionJeremy Strong
37%
The GreatNicholas Hoult
37%
LupinOmar Sy
37%
The Good FightChristine Baranski
35%
AnnetteMarion Cotillard
35%
King RichardAunjanue Ellis
33%
BelfastCaitríona Balfe
33%
HalstonEwan McGregor
33%
SuccessionKieran Culkin
33%
Squid GameLee Jung-jae
33%
Best Supporting Actress (TV)SuccessionSarah Snook
33%
MaidMargaret Qualley
30%
Black-ishTracee Ellis Ross
30%
The Morning ShowBilly Crudup
28%
Ted LassoHannah Waddingham
28%
InsecureIssa Rae
28%
Best Actress (TV Drama)PoseMj Rodriguez
28%
In the HeightsAnthony Ramos
26%
Ted LassoBrett Goldstein
26%
DopesickKaitlyn Dever
26%
MaidAndie MacDowell
23%
PoseBilly Porter
23%
Genius: ArethaCynthia Erivo
23%
HacksHannah Einbinder
21%
In TreatmentUzo Aduba
19%
The Morning ShowMark Duplass
14%
The SerpentTahar Rahim
14%

Score Distribution

Percentile by Number Answered

Percent of People with Each Score

Your Score History

You have not taken this quiz